| 000 | 00000nam##2200000za#4500 |
| 001 | 9.601612 |
| 003 | CaOODSP |
| 005 | 20210624210145 |
| 007 | cr ||||||||||| |
| 008 | 150406|2009||||xxc|||||o f|0| 0 fre|d |
| 040 | |aCaOODSP|bfre |
| 043 | |an-cn--- |
| 086 | 1 |aYC25-0/402-7F-PDF |
| 110 | 1 |aCanada. |bParlement. |bSénat. |bComité permanent des pêches et des océans. |
| 245 | 13|aLe contrôle des eaux de l'Arctique canadien : |h[ressource électronique]|brôle de la Garde côtière canadienne / |cL'honorable Bill Rompkey, président; L'honorable Ethel M. Cochrane, vice-présidente. |
| 246 | 3 |aRapport du Comité sénatorial permanent des pêches et des océans |
| 260 | |aOttawa - Ontario : |bSénat. |cDécembre 2009. |
| 300 | |a112p.|bcartes en couleur, références, tableaux |
| 490 | 1 |aRapport du Comité sénatorial permanent des pêches et océans|v40e législature, 2e session, [7e rapport] |
| 590 | |a11-12-Supp|b2011-07-29 |
| 775 | 08|tControlling Canada's Arctic waters : |w(CaOODSP)9.570971 |
| 830 | #0|aRapport du Comité sénatorial permanent des pêches et océans ;|v40e législature, 2e session, [7e rapport]|w(CaOODSP)9.502204 |
| 856 | 40|ahttp://publications.gc.ca|qPDF|s1.94 Mo|uhttps://publications.gc.ca/collections/collection_2011/sen/yc25-0/YC25-0-402-7-fra.pdf|y40e législature, 2e session, [7e rapport] |